• 首页
  • 本馆介绍
  • 公告通知
  • 最新文献
  • 馆藏检索
  • 电子资源
  • 读者导购
  • 参考咨询
  • 我的图书馆
  • 登录
  • 详细信息显示
  • 放入我的书架
  • 预约/预借图书
  • 作者相关作品
  • 分类相关作品
  • 丛书相关作品
  • 出版社相关作品

书目信息

  • 表格格式
  • 工作单格式
  • 卡片格式
题名:
2005年
    
 
作者: 李京文 , 王洛林 , 刘国光 主编
分册:  
出版信息: 北京   社会科学文献出版社  2004
页数: 338
开本: 23cm
丛书名:
单 册:
中图分类: F123.2
科图分类:
主题词: 经济--中国
电子资源:
ISBN: 7-80190-402-8
000 00745nam0 2200217 450
001 0753815641
005 20070930145655.64
010    @a7-80190-402-8@d¥39.00
100    @a20070930d km y0chiy0120 ea
101 0  @achi
200 1  @a2005年@A2005 nian@e中国经济形势分析与预测@f刘国光,王洛林,李京文主编@Fliu guo guang,wang luo lin,li jing wen zhu bian
210    @a北京@c社会科学文献出版社@d2004
215    @a338@d23cm@e光盘一块
517 1  @a中国经济形势分析与预测@Azhong guo jing ji xing shi fen xi yu yu ce
606 0  @a经济@x中国
690    @aF123.2@v3
701  0 @a李京文@Ali jing wen@4主编
701  0 @a王洛林@Awang luo lin@4主编
701  0 @a刘国光@Aliu guo guang@4主编
801  0 @aCN@bPFT@c20070930
905    @a213230@dF123.2@eg70@f1
    
    2005年:中国经济形势分析与预测/刘国光,王洛林,李京文主编.-北京:社会科学文献出版社,2004
    338;23cm+光盘一块
    
    
    ISBN 7-80190-402-8:¥39.00
    
●
相关链接 在E读中查询图书 在五车中查询图书 在当当中查询图书 在豆瓣中查询图书


正题名:2005年     索取号:F123.2/g70         预约/预借

序号 登录号 条形码 馆藏地/架位号 状态 备注
1 6503834   265038345   密集书库-海洋学院/ [索取号:F123.2/g70] 在馆    
唐山师范学院图书馆 欢迎您!
大连网信软件有限公司© 版权所有